header

Cardiac rhythm devices (Record no. 245912)

MARC details
000 -LEADER
fixed length control field 01209nam a2200313 a 4500
082 04 - DEWEY DECIMAL CLASSIFICATION NUMBER
Classification number 617.4/120645
100 1# - MAIN ENTRY--AUTHOR NAME
Personal name Razavi, Mehdi,
245 10 - TITLE STATEMENT
Title Cardiac rhythm devices
260 ## - PUBLICATION, DISTRIBUTION, ETC. (IMPRINT)
Place of publication New York :
Name of publisher Demos Medical,
Year of publication 2011.
300 ## - PHYSICAL DESCRIPTION
Number of Pages xiv, 175 p. :
Other physical details ill.
650 #0 - SUBJECT ADDED ENTRY--TOPICAL TERM
Topical Term Cardiac pacing
856 40 - ELECTRONIC LOCATION AND ACCESS
Uniform Resource Identifier http://site.ebrary.com/lib/rucke/Doc?id=10442263

No items available.

© 2026 Rongo University
Contact us: librarian | system librarian | Rongo university